CJ50 (Record no. 80590)

MARC details
000 -LEADER
fixed length control field 00828cab a22001815a 4500
001 - CONTROL NUMBER
control field L144793
008 - FIXED-LENGTH DATA ELEMENTS--GENERAL INFORMATION
fixed length control field 080811e20080723xxkd f s 000 0 eng d
035 ## - SYSTEM CONTROL NUMBER
System control number (Sirsi) u144793
041 0# - LANGUAGE CODE
Language code of text/sound track or separate title eng
100 1# - MAIN ENTRY--PERSONAL NAME
Personal name Stagg, James
245 00 - TITLE STATEMENT
Title CJ50
Remainder of title Costain taps into water
260 ## - PUBLICATION, DISTRIBUTION, ETC.
Date of publication, distribution, etc. 2008
490 ## - SERIES STATEMENT
Series statement Contract Journal
Volume/sequential designation 443(6685) 23 July 2008, 12-13(2)
520 ## - SUMMARY, ETC.
Summary, etc. Monthly league table of new work winners, divided geographically and by sector. New work hit the highest total since June 2007, largely due to a £900m infrastructure renewal extension offered to Costain. Laing O'Rourke moved from 12th to second place after winning three contracts worth £670m, the bulk of which was from the commercial sector.
651 #4 - SUBJECT ADDED ENTRY--GEOGRAPHIC NAME
Geographic name United Kingdom
Chronological subdivision
690 ## - LOCAL SUBJECT ADDED ENTRY--TOPICAL TERM (OCLC, RLIN)
Topical term or geographic name as entry element PROPERTY-COMMERCIAL PROPERTY-COMMERCIAL PROPERTY MARKET
942 ## - ADDED ENTRY ELEMENTS (KOHA)
Suppress in OPAC 0
Holdings
Withdrawn status Lost status Source of classification or shelving scheme Damaged status Not for loan Home library Current library Shelving location Date acquired Total Checkouts Full call number Barcode Date last seen Copy number Price effective from Koha item type
    Dewey Decimal Classification     London London Journal article 11/08/2008   L144793 144793-2001 06/08/2019 1 06/08/2019 Journal article